Wszystkie piosenki - Borixon - Statystyki

Ogólne statystyki
  • Ten quiz został rozwiązany 10 razy
  • Średni wynik to 37 z 181
Statystyki odpowiedzi
Hint Odpowiedź % Poprawnych
Rap Not Dead Papierosy (prod. Bystry)
100%
Rap Not Dead Papierosy (prod. Erionite)
100%
420024 (z ReTo) 420024
88%
420024 (z ReTo) Avemariah
88%
Koktajl Jackiechan (feat. ReTo)
88%
Mixed Music Arts (MMA) Melodyjki
88%
420024 (z ReTo) Co Cię trapi
75%
Mołotow Co ostatnie, a co pierwsze (feat. Kękę)
75%
Mixed Music Arts (MMA) Jadę w teren
75%
Koń trojański (z PLN.Beatz) Koń trojański
75%
Mam Pięć Gram Mam 5 Gram (feat. Wojtas)
75%
Mixed Music Arts (MMA) MMA
75%
Mołotow Weedbanger (feat. ReTo & Żabson)
75%
420024 (z ReTo) Bonsai
63%
420024 (z ReTo) Deadphone
63%
420024 (z ReTo) Księga dżungli (feat. Avi)
63%
Mixed Music Arts (MMA) Marakuja
63%
420024 (z ReTo) Milion w godzinę
63%
Zacieram Ręce Dzieciak Napiłbym Się Z Tobą Wódki (feat. Liroy)
63%
Mołotow Nic
63%
Mixed Music Arts (MMA) PowerBank
63%
Rap Daje Mi Siłę Rap Daje Mi Siłę
63%
Koktajl Sekret
63%
420024 (z ReTo) Shake
63%
Koktajl Yerba
63%
Koktajl Życia pół
63%
420024 (z ReTo) Białe szaty
50%
Mołotow Djengi (feat. Malik Montana)
50%
Koktajl Jeśli zdrówko nam pozwoli (feat. Zetha)
50%
Mixed Music Arts (MMA) La La La
50%
Koktajl Piękność
50%
Kolejna część (z Wyp3) Skit
50%
Rap Daje Mi Siłę Skit (feat. Oliwka)
50%
420024 (z ReTo) Trapsport
50%
Mam Pięć Gram Trwam W Tym
50%
Koktajl Czas start
38%
Mam Pięć Gram Fakty
38%
Koktajl Inspiracje
38%
Hardcorowa komercja – Nic naprawdę | Rap Daje Mi Siłę | Rap Not Dead | Semtex (z Kajman & PRWRS) Intro
38%
Hardcorowa komercja – Nic naprawdę | Rap Daje Mi Siłę | Semtex (z Kajman & PRWRS) Outro
38%
Mołotow Puls (feat. Żabson)
38%
Zacieram Ręce Dzieciak Zacieram Ręce Dzieciak
38%
Mołotow Z dymem (feat. Major SPZ & ReTo)
38%
Kolejna część (z Wyp3) A Miało Być Tak Pięknie
25%
Rap Not Dead Bajka o tym, że czas nas zmienił
25%
Kolejna część (z Wyp3) Baus (feat. Onar)
25%
Mam Pięć Gram Cin Cin (feat. Onar)
25%
Mołotow Co Ty kurwa chcesz od ziomka
25%
Rap Not Dead Diler (feat. Sobota)
25%
Koń trojański (z PLN.Beatz) Dobry człowiek (feat. Żabson)
25%
Rap Not Dead Ferrari (feat. Luka & Kajman)
25%
Mam Pięć Gram Hurtownia Hitów
25%
Mam Pięć Gram Jeszcze Więcej Bausu (feat. Gutek & Tede)
25%
Mixed Music Arts (MMA) Już się to zmieni
25%
New Bad Life Kapitan Kloss (feat. Żabson)
25%
Mołotow Klon
25%
New Bad Life Kochasz Mnie?
25%
Mam Pięć Gram Marcin I Tomek (feat. PSF)
25%
New Bad Life Mój Jest Ten Kawałek Podłogi (feat. Sobota & Mr. Zoob)
25%
Rap Not Dead Nie do wiary (feat. Bosski Roman & Popek)
25%
Rap Not Dead Nie mogę przestać
25%
Mixed Music Arts (MMA) Nie zatrzyma nas nikt
25%
Kolejna część (z Wyp3) Rap Tętni (feat. MC 3D)
25%
New Bad Life S.O.S. (feat. Pezet)
25%
Rap Not Dead Sponsor (feat. Julita Woś & Ten Typ Mes)
25%
Rap Daje Mi Siłę Sprawdź To Działa
25%
New Bad Life Sto Tysięcy Złotych
25%
Mixed Music Arts (MMA) Symulacja
25%
Mixed Music Arts (MMA) Towarzystwo zaufane
25%
Rap Not Dead Tworzymy historie (feat. Paluch)
25%
Rap Not Dead Vitaminy
25%
Rap Not Dead Wyjebunda (feat. Wini)
25%
Mołotow Znam tu człowieka (feat. Kaz Bałagane)
25%
Hardcorowa komercja – Nic naprawdę Bauns - Remix (feat. Gruby Dolar)
13%
Kolejna część (z Wyp3) BBBB RRR XXXX (feat. 600V)
13%
Kolejna część (z Wyp3) Brx z Rrx
13%
Rap Not Dead Jestem w domu (feat. Gedz)
13%
New Bad Life Lady Pank
13%
Mam Pięć Gram Pastele
13%
Hardcorowa komercja – Nic naprawdę Platynowy sombrero (feat. Platynowy BMW)
13%
Kolejna część (z Wyp3) Re-Kontra (feat. TEDE)
13%
Kolejna część (z Wyp3) Skit Ustronie
13%
Rap Daje Mi Siłę Słowa Droższe Od Pieniędzy
13%
Mołotow Wiatr w skrzydłach (feat. Dj Noriz)
13%
Koktajl | Koń trojański (z PLN.Beatz) Złe sny
13%
Zacieram Ręce Dzieciak 12 Pytań
0%
Koń trojański (z PLN.Beatz) Alibaba (feat. Popek)
0%
Koń trojański (z PLN.Beatz) Allah Trapbar (Instrumental)
0%
Rap Daje Mi Siłę Baletudo (feat. LWWL)
0%
Kolejna część (z Wyp3) Bf - Dla Wembleya i Tych Którzy To Docenią
0%
Kolejna część (z Wyp3) Bit w Słuchawkach
0%
Kolejna część (z Wyp3) Blink Złoty Drink (feat. Radioskun)
0%
Rap Daje Mi Siłę Błyszcz
0%
Koktajl Bye bye horses
0%
Kolejna część (z Wyp3) Co za Balet (feat. Radioskun & Wojtas)
0%
Zacieram Ręce Dzieciak Czas Leci (feat. PIH)
0%
Mam Pięć Gram Dedykacje (feat. PSF & Selma)
0%
Rap Daje Mi Siłę Dedykowano
0%
Mam Pięć Gram Dla Em
0%
New Bad Life Don't Fuck With Me (feat. PORCHY)
0%
Kolejna część (z Wyp3) Dziwne Nastroje (feat. Peiha)
0%
Rap Daje Mi Siłę Energia Nie Zgasła (feat. Rada)
0%
New Bad Life Fame (feat. Tomb)
0%
Koń trojański (z PLN.Beatz) Full of ice
0%
Mam Pięć Gram Hip-Hop Szponce
0%
Hardcorowa komercja – Nic naprawdę Improwizacje (feat. Stahustah)
0%
Hardcorowa komercja – Nic naprawdę Jadę to nagrać - skit
0%
Rap Daje Mi Siłę Ja Tu Zostaję (feat. Chick's)
0%
New Bad Life Jedzie Pociąg do Warszawy (feat. Lukasyno & Olifka)
0%
Rap Daje Mi Siłę Jestem Sobą
0%
Zacieram Ręce Dzieciak Kłamstwo
0%
Koń trojański (z PLN.Beatz) Kolejny ostatni numer (feat. Dj Noriz)
0%
Koktajl Kończy ci się film (feat. Żabson)
0%
Hardcorowa komercja – Nic naprawdę Kręć dupą (feat. Gruby Dolar)
0%
Kolejna część (z Wyp3) Kup Sobie Płytę - Alko Skit
0%
Hardcorowa komercja – Nic naprawdę Lecę na bitach
0%
Rap Daje Mi Siłę LWWL
0%
Mołotow Małagarstka
0%
Rap Not Dead Mam dosyć (feat. Ramzes)
0%
Mam Pięć Gram Mam Rację
0%
Hardcorowa komercja – Nic naprawdę Mamy to razem (feat. Stahustah)
0%
Zacieram Ręce Dzieciak Maskarada (feat. PIH & Kajman)
0%
Semtex (z Kajman & PRWRS) Melanże
0%
New Bad Life Miasto Idealne (feat. Popek)
0%
Mam Pięć Gram Miasto Świeci (feat. Pih)
0%
Kolejna część (z Wyp3) Milczenie Jest Złotem
0%
Semtex (z Kajman & PRWRS) Moda
0%
Semtex (z Kajman & PRWRS) Moda RMX Enwukade
0%
Rap Not Dead Mój przyjacielu (feat. DzikiChór)
0%
New Bad Life Mój Stary Dom (feat. Wojtas)
0%
Semtex (z Kajman & PRWRS) Moneymaker
0%
Zacieram Ręce Dzieciak Mówimy Prawdę
0%
Rap Daje Mi Siłę Muzyka I Klub
0%
Zacieram Ręce Dzieciak Nasze Aleje Gwiazd (feat. PSF)
0%
Zacieram Ręce Dzieciak Nasze Dni (feat. Bezik)
0%
Kolejna część (z Wyp3) Na Twoich Oczach
0%
Rap Daje Mi Siłę Nie Ma Ich (feat. Teka)
0%
Semtex (z Kajman & PRWRS) Nie mówię prawdy (feat. Pawlak)
0%
Semtex (z Kajman & PRWRS) Nienawidzą mnie
0%
Mam Pięć Gram Nienawidzisz Mnie
0%
Koktajl Nie płacz kochanie
0%
Hardcorowa komercja – Nic naprawdę Pall Hajss
0%
New Bad Life Party House
0%
Zacieram Ręce Dzieciak Pierwszy Znak
0%
Rap Daje Mi Siłę Pociąg Do Monet
0%
Semtex (z Kajman & PRWRS) Podmuch
0%
Semtex (z Kajman & PRWRS) Polska !
0%
Semtex (z Kajman & PRWRS) Powrót króla
0%
Kolejna część (z Wyp3) Pozdrawiam C.S.C.D.R.
0%
Kolejna część (z Wyp3) Prostuj Się (feat. Życia Okruchy)
0%
Semtex (z Kajman & PRWRS) Ptaki
0%
Koktajl Sashimi
0%
Koń trojański (z PLN.Beatz) Sashimi (feat. Dj Noriz)
0%
Zacieram Ręce Dzieciak Skurwiały Hit
0%
Koń trojański (z PLN.Beatz) Ślady
0%
Semtex (z Kajman & PRWRS) S.M.X.
0%
Mołotow Sombrero
0%
Semtex (z Kajman & PRWRS) Sorry
0%
New Bad Life Spadam w Dół
0%
Zacieram Ręce Dzieciak Świat Pełen Pokus
0%
Hardcorowa komercja – Nic naprawdę Syn cinkciarza z Memphis solo (feat. 5 KDM (spontanicznie))
0%
Hardcorowa komercja – Nic naprawdę Szampan - cycki...
0%
Zacieram Ręce Dzieciak Szum
0%
Mam Pięć Gram Tak To Wygląda
0%
Kolejna część (z Wyp3) Tak Tu Jest (feat. Vetto Boys)
0%
Koń trojański (z PLN.Beatz) Thank you broaw (Skit)
0%
Hardcorowa komercja – Nic naprawdę To musi
0%
Kolejna część (z Wyp3) ...To Się Nazywa...Brx
0%
Koń trojański (z PLN.Beatz) Trappin (Instrumental)
0%
Rap Daje Mi Siłę Tyle Chwil (feat. Wojtas)
0%
Hardcorowa komercja – Nic naprawdę Właśnie Haka
0%
Zacieram Ręce Dzieciak Wybór
0%
Hardcorowa komercja – Nic naprawdę Złap mnie (feat. Stahustah)
0%
Rap Not Dead Znowu teraz chcę
0%
Semtex (z Kajman & PRWRS) Zwycięstwo
0%
Nie znaleziono quizów pasujących do podanych kryteriów
Rozkład punktacji
Procent ludzi z każdym wynikiem
Percentyl według liczby udzielonych odpowiedzi
Twoja historia wyników
Nie rozwiązałeś tego quizu